<?xml version="1.0" encoding="UTF-8"?>
<resp>
  <nextPage>https://data.bn.org.pl/api/networks/bibs.marcxml?marc=001+b1000000745931&amp;sinceId=1000000745932</nextPage>
  <collection>
    <record xmlns='http://www.loc.gov/MARC21/slim'><leader>01731nam a2200469 i 4500</leader><controlfield tag='001'>b1000000745931</controlfield><controlfield tag='005'>20250226044918.0</controlfield><controlfield tag='008'>200831s19181939pl           |000 0 pol  </controlfield><controlfield tag='009'>9911555664405606</controlfield><datafield ind1=' ' ind2=' ' tag='035'><subfield code='a'>(OCoLC)1241595003</subfield></datafield><datafield ind1=' ' ind2=' ' tag='035'><subfield code='a'>(PL)b1000000745931</subfield></datafield><datafield ind1=' ' ind2=' ' tag='040'><subfield code='a'>WA N</subfield><subfield code='c'>WA N</subfield><subfield code='d'>WA N</subfield></datafield><datafield ind1='2' ind2=' ' tag='045'><subfield code='b'>d1918</subfield><subfield code='b'>d1939</subfield></datafield><datafield ind1=' ' ind2=' ' tag='046'><subfield code='k'>1918</subfield><subfield code='l'>1939</subfield></datafield><datafield ind1='0' ind2='0' tag='245'><subfield code='a'>Uważajcie!!! :</subfield><subfield code='b'>[Incipit:] Wszystkie dotychczas otrzymane przez was listy wyborcze są nieważne! [...].</subfield></datafield><datafield ind1='3' ind2='0' tag='246'><subfield code='a'>Wszystkie dotychczas otrzymane przez was listy wyborcze są nieważne!</subfield></datafield><datafield ind1=' ' ind2=' ' tag='260'><subfield code='a'>[Miejsce nieznane] :</subfield><subfield code='b'>[wydawca nieznany],</subfield><subfield code='c'>[1918-1939]</subfield><subfield code='e'>([miejsce nieznane] :</subfield><subfield code='f'>[drukarz nieznany]).</subfield></datafield><datafield ind1=' ' ind2=' ' tag='300'><subfield code='a'>[1] karta ;</subfield><subfield code='c'>25x19 cm.</subfield></datafield><datafield ind1=' ' ind2=' ' tag='336'><subfield code='a'>Tekst</subfield><subfield code='b'>txt</subfield><subfield code='2'>rdacontent</subfield></datafield><datafield ind1=' ' ind2=' ' tag='337'><subfield code='a'>Bez urządzenia pośredniczącego</subfield><subfield code='b'>n</subfield><subfield code='2'>rdamedia</subfield></datafield><datafield ind1=' ' ind2=' ' tag='338'><subfield code='a'>Karta</subfield><subfield code='b'>no</subfield><subfield code='2'>rdacarrier</subfield></datafield><datafield ind1=' ' ind2=' ' tag='380'><subfield code='a'>Druki ulotne</subfield></datafield><datafield ind1='1' ind2=' ' tag='388'><subfield code='a'>1901-2000</subfield></datafield><datafield ind1='1' ind2=' ' tag='388'><subfield code='a'>1918-1939</subfield></datafield><datafield ind1=' ' ind2='7' tag='648'><subfield code='a'>1901-2000</subfield><subfield code='2'>DBN</subfield></datafield><datafield ind1=' ' ind2='7' tag='648'><subfield code='a'>1918-1939</subfield><subfield code='2'>DBN</subfield></datafield><datafield ind1=' ' ind2='7' tag='650'><subfield code='a'>Wybory</subfield><subfield code='2'>DBN</subfield></datafield><datafield ind1=' ' ind2='7' tag='651'><subfield code='a'>Polska</subfield><subfield code='2'>DBN</subfield></datafield><datafield ind1=' ' ind2='7' tag='655'><subfield code='a'>Ulotka wyborcza</subfield><subfield code='2'>DBN</subfield></datafield><datafield ind1=' ' ind2=' ' tag='852'><subfield code='b'>48OMNIS_NETWORK</subfield><subfield code='8'>9911555664405606</subfield></datafield><datafield ind1=' ' ind2=' ' tag='852'><subfield code='b'>48OMNIS_NLOP</subfield><subfield code='8'>991052741766005066</subfield></datafield><datafield ind1=' ' ind2=' ' tag='852'><subfield code='8'>22644020600005066</subfield><subfield code='j'>1</subfield><subfield code='h'>DŻS IA 6</subfield><subfield code='b'>BN_PL</subfield><subfield code='p'>888a1095963</subfield><subfield code='c'>bdz</subfield></datafield><datafield ind1=' ' ind2=' ' tag='852'><subfield code='8'>22673510210005066</subfield><subfield code='j'>1</subfield><subfield code='h'>DŻS IA 6</subfield><subfield code='b'>BN_PL</subfield><subfield code='p'>888a1131352</subfield><subfield code='c'>bdz1</subfield></datafield><datafield ind1=' ' ind2=' ' tag='950'><subfield code='u'>https://eu05.alma.exlibrisgroup.com/view/uresolver/48OMNIS_NETWORK/openurl?u.ignore_date_coverage=true&amp;portfolio_pid=53692398470005066&amp;Force_direct=true</subfield><subfield code='z'>Zobacz w Polonie</subfield><subfield code='8'>53692398470005066</subfield></datafield></record>
  </collection>
</resp>
